<?xml version="1.0" encoding="UTF-8"?><?xml-stylesheet type="text/xsl" href="static/style.xsl"?><OAI-PMH xmlns="http://www.openarchives.org/OAI/2.0/" xmlns:xsi="http://www.w3.org/2001/XMLSchema-instance" xsi:schemaLocation="http://www.openarchives.org/OAI/2.0/ http://www.openarchives.org/OAI/2.0/OAI-PMH.xsd"><responseDate>2026-06-01T20:48:21Z</responseDate><request verb="GetRecord" identifier="oai:riuma.uma.es:10630/2535" metadataPrefix="marc">https://riuma.uma.es/rest/oai/request</request><GetRecord><record><header><identifier>oai:riuma.uma.es:10630/2535</identifier><datestamp>2026-02-03T12:39:29Z</datestamp><setSpec>com_10630_2254</setSpec><setSpec>col_10630_37957</setSpec></header><metadata><record xmlns="http://www.loc.gov/MARC21/slim" xmlns:dcterms="http://purl.org/dc/terms/" xmlns:doc="http://www.lyncode.com/xoai" xmlns:xsi="http://www.w3.org/2001/XMLSchema-instance" xsi:schemaLocation="http://www.loc.gov/MARC21/slim http://www.loc.gov/standards/marcxml/schema/MARC21slim.xsd">
   <leader>00925njm 22002777a 4500</leader>
   <datafield ind2=" " ind1=" " tag="042">
      <subfield code="a">dc</subfield>
   </datafield>
   <datafield ind2=" " ind1=" " tag="720">
      <subfield code="a">Castro Santiago, Maria Jesús</subfield>
      <subfield code="e">author</subfield>
   </datafield>
   <datafield ind2=" " ind1=" " tag="720">
      <subfield code="a">Navarro Piñero, Alfonso</subfield>
      <subfield code="e">author</subfield>
   </datafield>
   <datafield ind2=" " ind1=" " tag="260">
      <subfield code="c">2004</subfield>
   </datafield>
   <datafield ind2=" " ind1=" " tag="520">
      <subfield code="a">El Trasplante de páncreas es una respuesta y una salida a las complicaciones crónicas que padecen los pacientes diabéticos. Los objetivos de investigación son: 1. Estudio de prevalencia de pacientes diabéticos en nuestro sector y cuales de estos pacientes diabéticos son candidatos al trasplante de páncreas y estudio de la distribución del trasplante pancreático en nuestro país. 2. A corto plazo: ¿qué resultados postquirúrgicos tenemos en nuestro programa?. ¿Hay factores postoperatorios que influyen sobre el funcionalismo del injerto?. 3. A largo plazo: ¿la presencia de marcadores inmunológicos influyen en el funcionalismo del injerto?. ¿Qué factores influyen en el control del metabolismo hidrocarbonado y metabolismo lipídico?. ¿Mejora el estado cardiovascular, cual puede ser la causa?. ¿Mejora la neuropatía con el trasplante? y ¿mejora la calidad de vida?.</subfield>
   </datafield>
   <datafield ind1="8" ind2=" " tag="024">
      <subfield code="a">8468957070</subfield>
   </datafield>
   <datafield ind1="8" ind2=" " tag="024">
      <subfield code="a">http://hdl.handle.net/10630/2535</subfield>
   </datafield>
   <datafield tag="653" ind2=" " ind1=" ">
      <subfield code="a">Páncreas - Trasplante - Tesis doctorales</subfield>
   </datafield>
   <datafield ind2="0" ind1="0" tag="245">
      <subfield code="a">El trasplante de páncreas.Una respuesta a un eje vital: el metabolismo glucosa-insulina</subfield>
   </datafield>
</record>
</metadata></record></GetRecord></OAI-PMH>